| 000 | 00429nam a2200145Ia 4500 | ||
|---|---|---|---|
| 005 | 20250306010843.0 | ||
| 008 | 240331s9999 xx 000 0 und d | ||
| 082 |
_bJAM _22021 _a920 |
||
| 100 | _aJameel, S. N. M | ||
| 245 | 0 | _aNinaivil Nalvar | |
| 260 |
_aKalmunai _bIslamic Book Publishing Centre _c1993 |
||
| 300 | _a44 p., | ||
| 500 | _aA collection of articles about some great Muslim national heroes of Sri Lanka. | ||
| 942 | _cL | ||
| 999 |
_c4270 _d4270 |
||